000 00471nam a2200169 a 4500
005 20140412111332.0
008 030317s19uu xx 00 eng d
020 _a0-02-179070-1
050 _aTR(PS E
_bHi52 1970
100 _aKeats, Ezra Jack
245 _aHi, cat! /
_cEzra Jack Keats.
260 _aNew York :
_bMacmillan/McGraw-Hill School Pub. Comp,
_c1970.
300 _a37 p. ; ill.
650 _aCats--Fiction
650 _aChildren stories
999 _c104946
_d104946